00623nam a2200193Ia 4500008004100000020001300041082001400054100002100068245002600089250000800115260003400123300003100157500001900188600002100207650005000228942000700278952012900285999001500414240925s9999 xx 000 0 und d a72392703 a003.3 KEL aKelton, W .David 0aSimulation With Arena a2nd aBoston:bMC Graw-Hillc,2002. axxxvii,867p.bNAfOriginal aIncludes Index aComputer Science aComputer science, information & general works cBK 001040708CSaUITUbUITUd2003-08-28eKhaliq book Binderg464.20l0o003.3 KELpQ5193r2024-09-25 07:13:46w2024-09-25yBK c7692d7692